| 000 | 00607nam a2200181Ia 4500 | ||
|---|---|---|---|
| 008 | 151202s9999||||xx |||||||||||||| ||und|| | ||
| 082 | _bPNVM-49536 | ||
| 100 | _aआपटे ह. ना. | ||
| 245 | _aचाणाक्षपणाचा कळस. | ||
| 260 | _b"समन्वय प्रकाशन,कोल्हापूर." | ||
| 260 | _c2013 | ||
| 300 | _a160 | ||
| 600 | _aआपटे ह. ना. | ||
| 630 | _aचाणाक्षपणाचा कळस. | ||
| 700 | _aआपटे ह. ना. | ||
| 730 | _aचाणाक्षपणाचा कळस. | ||
| 942 | _cBOOK | ||
| 999 |
_c1315619 _d1315616 |
||